Online
Catalog

El Estado en su doble función : (Record no. 799)

MARC details
000 -CABECERA
campo de control de longitud fija 00976nam a2200229 a 4500
001 - NÚMERO DE CONTROL
campo de control 000000803
005 - FECHA Y HORA DE LA ÚLTIMA TRANSACCIÓN
campo de control 20250621074003.0
008 - DATOS DE LONGITUD FIJA--INFORMACIÓN GENERAL
campo de control de longitud fija 090522s1990 dr 000 0 spa d
040 ## - FUENTE DE LA CATALOGACIÓN
Centro catalogador/agencia de origen DO-SdBNP
Lengua de catalogación spa
Centro/agencia transcriptor BNPHU
082 ## - NÚMERO DE LA CLASIFICACIÓN DECIMAL DEWEY
Número de clasificación 320.1
Número de documento/Ítem C577e
100 1# - ENTRADA PRINCIPAL--NOMBRE DE PERSONA
Nombre de persona Ciprián, Rafael,
Fechas asociadas al nombre 1959 -
9 (RLIN) 839
245 13 - MENCIÓN DE TÍTULO
Título El Estado en su doble función :
Resto del título política y social /
Mención de responsabilidad, etc. Rafael Ciprián.
260 ## - PUBLICACIÓN, DISTRIBUCIÓN, ETC.
Lugar de publicación, distribución, etc. Santo Domingo :
Nombre del editor, distribuidor, etc. Taller,
Fecha de publicación, distribución, etc. 1990.
300 ## - DESCRIPCIÓN FÍSICA
Extensión 83 p. ;
Dimensiones 20 cm.
504 ## - NOTA DE BIBLIOGRAFÍA, ETC.
Nota de bibliografía, etc. Bibliografía: p. 81-83
500 ## - NOTA GENERAL
Nota general Incluye biografía del autor en la contracubierta
505 0# - NOTA DE CONTENIDO CON FORMATO
Título Dedicatoria --
-- Introducción --
-- El Estado en su doble función --
-- El Estado en su función social --
-- El Estado y la realidad social de la niñez dominicana --
-- El Estado es el culpable de la paternidad irresponsable --
-- Bibliografía.
590 ## - NOTA LOCAL (RLIN)
Nota local Inventariado,2018/DG
650 #0 - PUNTO DE ACCESO ADICIONAL DE MATERIA--TÉRMINO DE MATERIA
Término de materia o nombre geográfico como elemento de entrada Estado
9 (RLIN) 726
651 #0 - PUNTO DE ACCESO ADICIONAL DE MATERIA--NOMBRE GEOGRÁFICO
Nombre geográfico República Dominicana
Subdivisión general Política y gobierno
9 (RLIN) 45
910 ## - DATOS DE OPCIÓN DEL USUARIO (OCLC)
Datos de opción del usuario Validado. Control de calidad MFF
Holdings
Estado de retiro Estado de pérdida Restricciones de uso No para préstamo Código de colección Localización permanente Ubicación/localización actual Ubicación en estantería Fecha de adquisición Número de inventario Total de préstamos Signatura topográfica completa Código de barras Fecha visto por última vez Número de copia Precio válido a partir de Tipo de ítem Koha
      Préstamo en sala Dominicana de Servicio Biblioteca Nacional Pedro Henríquez Ureña Biblioteca Nacional Pedro Henríquez Ureña Depósito 26.08.2009 LF1   320.1 C577e 803-30 25.06.2020 e.3 25.06.2020 Libros y folletos
      Préstamo en sala Dominicana de Servicio Biblioteca Nacional Pedro Henríquez Ureña Biblioteca Nacional Pedro Henríquez Ureña Depósito 26.07.2013 LF1   320.1 C577e 803-40 25.06.2020 e.4 25.06.2020 Libros y folletos
      Préstamo restrigido Patrimonio Dominicano Biblioteca Nacional Pedro Henríquez Ureña Biblioteca Nacional Pedro Henríquez Ureña Depósito 26.08.2009 LF1   320.1 C577e 803-10 25.06.2020   25.06.2020 Libros y folletos
      Préstamo restrigido Patrimonio Dominicano Biblioteca Nacional Pedro Henríquez Ureña Biblioteca Nacional Pedro Henríquez Ureña Depósito 26.08.2009 LF1   320.1 C577e 803-20 25.06.2020 e.2 25.06.2020 Libros y folletos

Powered by Koha